000 00642 aa a2200205 4500
005 20090822160230.0
008 081021t xxu||||| |||| 00| 0 eng d
010 _aENG-84568
020 _a8189000969
020 _c200.00 (pbk)
035 _aEN-68101
082 _a337 / SAC
100 _aSachdeva, N K
245 _aInternational economics /
_cby N K Sachdeva
260 _aNew Delhi
_bVishvabharti Publications
260 _c2007
300 _avi,424p
_c22cm
942 _2ddc
_cEN
_h337
_mSAC
999 _c17873
_d17873